[Event "Biel GM"]
[Site "Biel"]
[Date "2003.07.30"]
[Round "9"]
[White "Pelletier, Yannick"]
[Black "Smirin, Ilia"]
[Result "1/2-1/2"]
[WhiteElo "2602"]
[BlackElo "2656"]
[Annotator "Erenburg,S"]
[PlyCount "92"]
[EventDate "2003.07.21"]
[EventType "tourn"]
[EventRounds "11"]
[EventCountry "SUI"]
[EventCategory "16"]
[SourceTitle "CBM 097"]
[Source "ChessBase"]
[SourceDate "2003.11.11"]
[SourceVersion "1"]
[SourceVersionDate "2003.11.11"]
[SourceQuality "1"]

1. Nf3 g6 2. e4 Bg7 3. d4 d6 4. Be2 Nf6 5. Nc3 O-O 6. O-O Nc6 7. d5 {Another
possibility is to complete the development, saving the option of increasing
the space advantage for a later stage.} (7. Be3 Bg4 8. d5 Bxf3 9. Bxf3 Nb8 10.
Re1 c6 11. a4 a5 12. Be2 Nfd7 13. Bf1 $14 {1/2-1/2 Iordachescu,V-Istratescu,A/
Wijk aan Zee 2002/CBM 86 ext (28)}) 7... Nb8 {Black tried also} (7... Ne5 8.
Nxe5 dxe5 9. Be3 e6 10. dxe6 (10. Bc5 $5 Re8 11. d6 $14) 10... Bxe6 11. Qxd8
Rfxd8 12. Rfd1 a6 13. f3 Bf8 $11 {1/2-1/2 Solak,D-Beliavsky,A/Bled 2002/CBM 89
ext (36)}) 8. Re1 {Another logical continuation is} (8. Bg5 e5 9. dxe6 Bxe6 10.
Qd2 Nc6 11. Bh6 Re8 12. Bxg7 Kxg7 13. Rfe1 a6 14. Rad1 b5 15. a3 Bd7 16. Nd4
$14 {1/2-1/2 Ivanchuk,V-Smirin,I/Moscow 2002/CBM 90 (46)}) (8. h3 {See
commented game Gruenfeld,Y-Finkel,A 1/2-1/2/Eilat 2001/CBM 86/[Finkel,A] (35)})
8... e5 {Smirin is a well-known expert in such type of positions. He is ready
to develop the initiative with Nh5 and following f7-f5. So Pelletier decides
to change pawn structure} 9. dxe6 Bxe6 10. Bg5 {White didn't achieve anything
after} (10. Nd4 Bd7 11. Bg5 h6 12. Bh4 Nc6 13. Nxc6 bxc6 14. f4 Qb8 15. Rb1 Re8
16. Bf3 Be6 17. Bf2 Qb4 18. a3 Qa5 19. Kh1 Rab8 $11 {0-1 Ehlvest,J-Svidler,P/
Novosibirsk 1995/CBM 50 (45)}) 10... h6 11. Bf4 (11. Be3 {is possible
alternative to the move in the game.} Nc6 12. Qd2 Ng4 13. Bf4 g5 14. Bg3 Nge5
$11 {1-0 Svidler,P-Asanov,B/St Petersburg 1994/EXT 98 (39)}) 11... Nc6 12. h3
Re8 $146 {According to my database this position appeared for the first time.
In the previous game black continued} (12... Kh7 13. Qd2 d5 14. exd5 Nxd5 15.
Nxd5 Qxd5 16. Qxd5 Bxd5 17. Red1 $11 {1-0 Azmaiparashvili,Z-Kantsler,B/Tbilisi
1986/EXT 98 (50)}) 13. Qd2 g5 14. Be3 (14. Bg3 d5 {similar to 12...Kh7
variation.}) 14... d5 15. exd5 Nxd5 16. Nxd5 Qxd5 17. Qxd5 Bxd5 $11 {The
position is simmetrical, black succeeded to provide the breakthrough in the
center, that promises him at least equal chances.} 18. c3 f5 $6 (18... Rad8 {
comes to consideration.}) 19. Red1 Ne7 (19... Bf7 20. Bb5) (19... Be4 20. Rd7)
20. h4 g4 ({It is dangerous to play} 20... f4 {, in view of} 21. Bc5 b6 22.
Bxe7 (22. Ba3 $5) 22... Rxe7 23. Rxd5 Rxe2 24. hxg5 hxg5 25. Rxg5 Rxb2 26. Rd1
$36) 21. Nd4 c6 {covering the b5 square.} (21... Rad8 22. Nb5) 22. Bd3 Rf8 23.
Ne2 $1 {preventing the breakthorugh f5-f4.} Ng6 24. Bc2 {Other possibilities
don't promise anything special:} (24. h5 Ne5 25. Nf4 Nxd3 26. Rxd3 Bc4 27. Rd7
Rf7 $15) (24. Nf4 Nxf4 25. Bxf4 $11) (24. c4 Be6 25. Nd4 Bd7 $13 {[%cal Yg6e5]}
(25... Bxd4 26. Bxd4 Nxh4 27. Rd2 $44)) 24... h5 $2 {weakening dark squares.
Better is} (24... Nxh4 25. Nf4 Bc4 26. a3 (26. Rd7 Rf7 27. Rad1 Bxa2) 26... a6
(26... Rad8 27. Bxa7) (26... Be5 27. Nd3 Bxd3 $2 (27... Bg7 28. Nf4 $11) 28.
Rxd3 f4 29. Bc5 $44 {[%cal Gd3d7,Yc2b3]}) 27. Rd7 Rf7 28. Rad1 Re8 29. Kh2 {
[%cal Yh2g3]} Be5 30. Kg3 Ng6 31. Rxf7 Kxf7 32. Bxf5 Nxf4 33. Bxf4 Bxf4+ 34.
Kxf4 Re2 35. Rd7+ Kf6 36. Rd6+ $11) 25. Bg5 {White had another way to get
advantage:} (25. Ng3 Nxh4 (25... Bxg2 26. Kxg2 Nxh4+ 27. Kf1 f4 28. Bxf4 Rxf4
29. Nxh5 $14) 26. Nxh5 Be5 27. Nf4 Bxf4 28. Bxf4 Kf7 {[%cal Yf8h8]} (28... Nxg2
29. Bg5) 29. Bb3 $14) 25... Bf6 26. Bxf6 Rxf6 27. Ng3 Raf8 ({Worse is} 27...
Nxh4 28. Nxh5 Rh6 29. Nf4 Bc4 (29... Bxg2 {doesn't work, in view of} 30. Nxg2
Nf3+ 31. Kf1 Re8 32. Bb3+ Kf8 33. Ne3 $18) 30. Rd4 $16) 28. Nxh5 R6f7 $1 {
[%cal Gf7h7]} (28... Re6 29. Bb3 Bxb3 30. axb3 $14 {[%cal Ya1a5,Yd1d7]}) 29.
Rd4 $6 {White has a better option:} (29. Bb3 Bxb3 30. axb3 a6 31. Rd6 Nxh4 (
31... Kh7 32. g3 $14) 32. Re1 $14) (29. c4 Bxc4 30. Rd4 $13) 29... Nxh4 30. Nf4
Bxg2 $1 31. Nxg2 Nf3+ 32. Kf1 Nxd4 33. cxd4 {White has two light pieces for a
rook and pawn. If he succeeds to save the rook from the trades, his position
will be obviously better.} Rh7 34. Kg1 Kg7 35. Nf4 $6 {allowing black to
change the rook.} ({Better is} 35. Ne3 Rh5 36. Re1 $1 (36. Rd1 Kf6 $1 {[%cal
Gf8h8]} 37. d5 Rfh8 38. Kf1 Rh1+ 39. Ke2 Rxd1 $15) 36... Kf6 37. Nf1 $1 f4 (
37... Rd8 38. Ng3 Rg5 39. Bb3 $14) 38. Re4 $14) 35... Kf6 $2 (35... Rfh8 36.
Kg2 Kf6 37. Re1 Rh2+ 38. Kg3 Rh1 {-the main line.}) 36. Re1 Rfh8 $2 {loses on
the spot.} ({More resistant is} 36... Rff7 37. Re5 Kg5 $16) 37. Kg2 $4 {
throwing away decisive advantage. After simple} (37. Re5 $18 {black is
hopeless. Probably white was in time trouble, otherwise he should find this
resourse.}) 37... Rh2+ 38. Kg3 Rh1 39. Rxh1 Rxh1 {After the trade of rooks,
black is out of risk. White doesn't lose this game, thanks to activity of his
light pieces.} 40. Kg2 Rh8 {The attempt to attack white's pawns on the
queenside doesn't give anything:} (40... Ra1 41. Bb3 Rb1 42. Nd3) 41. Bb3 Rd8
42. d5 Rd6 (42... Ke5 43. Ng6+ Kf6 (43... Kd4 44. dxc6 bxc6 45. Bc2 $16) (43...
Ke4 44. dxc6 bxc6 45. Bc2+ $18) 44. Nf4 $11) 43. Kg3 a5 44. a4 Ke5 45. dxc6
bxc6 (45... Rxc6 46. f3 $11) 46. Bc4 Rd1 (46... Rd1 47. Ng6+ Kf6 (47... Ke4 48.
b3 $11) 48. Nf4 $11) 1/2-1/2

[Event "Yongchuan zt 3.3"]
[Site "Yongchuan"]
[Date "2003.07.14"]
[Round "4"]
[White "Ni, Hua"]
[Black "Zhou, Weiqi"]
[Result "1-0"]
[WhiteElo "2533"]
[BlackElo "2388"]
[Annotator "Erenburg,S"]
[PlyCount "71"]
[EventDate "2003.07.11"]
[EventType "tourn"]
[EventRounds "11"]
[EventCountry "CHN"]
[EventCategory "12"]
[SourceTitle "CBM 097"]
[Source "ChessBase"]
[SourceDate "2003.11.11"]
[SourceVersion "1"]
[SourceVersionDate "2003.11.11"]
[SourceQuality "1"]

{[%mdl 1]} 1. e4 d6 2. d4 Nf6 3. Nc3 g6 4. Be3 Bg7 5. Qd2 c6 6. Nf3 Nbd7 7. Bh6
{White trades dark-squared bishops, and, at the same time, preparing the
breakthrough in the center.} Bxh6 {Another theoretical line is} (7... O-O 8.
Bxg7 Kxg7 9. Bd3 e5 10. O-O $14 {1/2-1/2 Lutz,C-Kasimdzhanov,R/Batumi 2001/CBM
86/[Gofshtein,L] (54)}) 8. Qxh6 b5 $2 {What about the development? More normal
is} (8... e5 9. O-O-O (9. dxe5 Nxe5 10. O-O-O Qe7 11. Qd2 Bg4 12. Be2 O-O-O 13.
Qf4 Nxf3 14. Bxf3 Bxf3 15. Qxf3 Rhe8 16. Rd4 Qe5 17. Rhd1 Re6 18. h3 {1/2-1/2
Galkin,A-Lugovoi,A/Krasnodar 2002/CBM 91 (18)}) 9... Qe7 (9... Ng4 10. Qd2 Qe7
11. Bc4 b5 12. Bb3 $14 {and white has very nice position.}) 10. h3 a6 $6 (10...
b5 $5 11. Bd3 Bb7 12. Qe3 b4 13. Nb1 O-O $13) 11. dxe5 dxe5 12. Bc4 $14 {
1-0 Kasparov,G-Radjabov,T/Moscow 2002/CBM 90/[Finkel,A] (25)}) (8... Qa5 9. Bd3
c5 10. O-O cxd4 11. Nxd4 Qb6 12. Nf3 a6 13. Rab1 Qc5 14. a4 Ne5 15. Nxe5 dxe5
16. Nd5 Nxd5 17. Qg7 Rf8 18. Qxe5 Be6 19. Rfe1 $16 {1-0 Kupreichik,V-Gurevich,
M/Eupen 1996/EXT 98 (37)}) 9. e5 $1 $146 {Black will be punished for his
previous move.} (9. Bd3 e5 10. O-O a6 11. a4 b4 12. Ne2 Qe7 13. a5 c5 14. dxc5
dxc5 15. Nd2 Ng4 16. Qg7 Qf6 17. Qxf6 Ngxf6 18. Nc4 $14 {1-0 Novikov,M-Brikov,
I/Tula 2002/EXT 2003 (46)}) 9... b4 {The only move not to give up on the
central square d5.} 10. Nd1 dxe5 11. dxe5 Nd5 12. Bc4 $6 {White had more
attractive option:} (12. e6 $1 N7f6 (12... fxe6 13. Bd3 $18) 13. exf7+ Kxf7 14.
Ne5+ $40) 12... Nc5 {Black had to try to create a counterplay. For instance:} (
12... Qc7 {attacking the e5 pawn. But anyway, after} 13. Qg7 Rf8 14. O-O {
white's advantage is quite obvious, thanks to a big development advantage.})
13. Ne3 $1 $32 {trading the only good located black's piece. At the same time,
white opens the position and prepares to castle long.} Nxe3 $6 {Better was to
strengthen the d5 square, trying not to lose immediately :)} (13... Be6 $14 {
and black is in the game. For example:} 14. Qg7 Rf8 15. O-O-O Qa5 16. Ng5 O-O-O
) 14. Qxe3 Qb6 15. O-O-O Be6 16. Rd4 $1 {All the white pieces are in the game,
in opposite to black's ones. Black's position is so unpleasant, that he can't
even castle...} h6 {trying to solve the monarch's problem, transfering it to
g7 via f8.} (16... O-O 17. Qh6 $18 {[%cal Gd4h4,Gf3g5]}) 17. Rhd1 Kf8 (17... g5
18. h4 $16) 18. h4 $1 {Everything is ready for attack on the black king!} Kg7
19. h5 g5 {loses on the spot.} ({Doesn't change anything:} 19... Qa5 20. hxg6
fxg6 21. Nh4 $1 $40) ({More resistant was} 19... Bxc4 20. Rxc4 Ne6) {[%tqu
"En","How would you use the vulnerable position of black monarch?","","",
"f3g5","",10]} 20. Nxg5 $1 {[%mdl 512]} hxg5 21. Qxg5+ Kf8 (21... Kh7 {loses
as well:} 22. Rf4 $1 Rhg8 (22... Bxc4 23. Rd6 $3 exd6 (23... Be6 24. Rxf7+ $18)
24. Rf6 {with mate.}) 23. Qxe7 Bxc4 (23... Rae8 24. Rxf7+ Bxf7 25. Qxf7+ Kh8
26. Rd6 $18) 24. Rxc4 $18) 22. h6 Rh7 ({In case of} 22... Rg8 {white continues}
23. Qd2 Ke8 24. h7 Rh8 25. Qg5 $18) 23. Bd3 $3 {All white needs is to transfer
one of his rooks to the "g" line.} Nxd3+ 24. R4xd3 $18 {Black's position is
hopeless. There is nothing to do against white's threat Rg3} c5 {opening the
6-th rank for a queen.} (24... b3 25. axb3 $18) 25. Rg3 Bg4 26. Rh1 $1 {
[%csl Gh6][%cal Yh1h6] not giving black any chance.} Qg6 27. Rxg4 Qxg5+ 28.
Rxg5 {White is two pawns up, so the rest is a matter of an easy technique.} e6
29. Kd2 Rd8+ 30. Ke2 c4 31. Rgh5 Rd5 32. R1h4 c3 33. Rxb4 Rd2+ 34. Ke3 Rxc2 35.
bxc3 Rxa2 36. g4 1-0

[Event "Nancy"]
[Site "Nancy"]
[Date "2005.02.20"]
[Round "9"]
[White "Philippe, Christophe"]
[Black "Nijboer, Friso"]
[Result "0-1"]
[WhiteElo "2374"]
[BlackElo "2549"]
[Annotator "Erenburg,S"]
[PlyCount "80"]
[EventDate "2005.02.14"]
[EventType "tourn"]
[EventRounds "9"]
[EventCountry "FRA"]
[EventCategory "10"]
[SourceTitle "CBM 106"]
[Source "ChessBase"]
[SourceDate "2005.06.06"]
[SourceVersion "1"]
[SourceVersionDate "2005.06.06"]
[SourceQuality "1"]

1. e4 d6 2. d4 Nf6 3. Nc3 g6 4. Nf3 Bg7 5. Be2 O-O 6. h3 {Usually white first
plays castle, afterware, he can choose if to play h2-h3. In this game,
probably, white wanted to rob from black the option of 6...Bc8-g4.} (6. O-O c6
7. a4 {limiting black's counterplay on the queenside.} Nbd7 8. e5 {---> 1-0
Azarov,S-Azmaiparashvili,Z/Rethymnon 2003/CBM 98/[Erenburg] (42)}) 6... c6 {
preparing a counterplay on the queenside. Other possibilities are:} (6... a6 {
---> 1-0 Finnlaugsson,G-Bjornsson,S/Reykjavik 1998/CBM 064/[Yudasin,L] (32)}) (
6... c5 $5 {looks logical reply, as white didn't castle yet.} 7. dxc5 Qa5 8.
O-O Qxc5 9. Be3 Qa5 {---> 1/2-1/2 Antonio,R-Akopian,V/Las Vegas 1999/CBM 072/
[Kaspi,A] (35)}) 7. a4 {occupying some space on the queenside.} Nbd7 {Another
principled attempt to equalize is} (7... d5 {---> 1-0 Tosic,M-Popchev,M/Sabac
1998/CBM 065/[Yudasin,L] (33)}) 8. O-O {White tried also:} (8. a5 e5 9. dxe5
dxe5 10. a6 b5 11. Qd6 Nb6 $6 (11... Nb8 $1) 12. Qxd8 Rxd8 13. Nxe5 Re8 14.
Nxc6 Bd7 15. Nb4 Nxe4 16. Nxe4 Rxe4 17. c3 Rae8 18. Be3 Nc4 19. Bxc4 Rxc4 20.
O-O $18 {1-0 Larsen,B-Kristiansen,J/Esbjerg 1988/CBM 010 (42)}) (8. e5 Ne8 9.
Bf4 dxe5 10. dxe5 Nc7 11. Bg3 Nc5 12. Qd4 Qxd4 13. Nxd4 N7e6 14. Nf3 a5 $11 {
0-1 Woda,J-Sznapik,A/Slupsk 1989/EXT 97 (49)}) 8... e5 ({Maybe more flexible
is not to hurry with e7-e5:} 8... Qc7 9. Be3 b6 $5 {---> 0-1 Radovici,C-Marin,
M/Tusnad 1997/CBM 059/[Marin,M] (35)}) 9. dxe5 (9. Be3 {---> 1/2-1/2
Kindermann,S-Piket,J/Hamburg 1991/CBM 024/[Stohl] (33)}) 9... dxe5 ({Also
possible:} 9... Nxe5 $5 10. Nxe5 (10. Nd4 Re8 11. f4 Ned7 12. Bf3 Nc5 $132) (
10. Bf4 Be6 $2 (10... Qe7 $10) 11. Nxe5 dxe5 12. Qxd8 Raxd8 13. Bxe5 Rfe8 14.
f4 Nh5 15. Bxg7 Nxg7 16. Rad1 f5 17. Rxd8 Rxd8 18. Rd1 Rxd1+ 19. Bxd1 a5 20.
Kf2 Kf8 21. g4 Ke7 22. Ke3 $18 {Borik,O-Luetke,J/BL 9192/1991/}) 10... dxe5 11.
Qxd8 Rxd8 12. Be3 Be6 13. Rfd1 Re8 14. a5 Bf8 $14 {/=}) 10. Be3 Qe7 11. Qc1 {
looks less principle, than} (11. Qd3 $5 {, transfering the queen to more
active position on the queenside.} Nh5 12. a5 Nc5 13. Qc4 Na6 14. Qa4 $1 $14 {
[%cal Re2a6,Ra4c6] ---> 1-0 Thorarinsson,P-Andreasen,P/Reykjavik 1996/CBM 052/
[Stohl] (21)}) 11... Nc5 12. Bg5 {protecting the central pawn.} (12. Nd2 {
promises nothing:} Ne6 13. Nb3 Qb4 14. Bd3 Nh5 15. Ne2 Nhf4 16. Nxf4 exf4 17.
Bd2 Qe7 18. Bc4 (18. Be2 $142) 18... f3 $17 {0-1 Farago,S-Beim,V/Budapest 1994/
CBM 042 ext (25)}) 12... Ne6 13. Bh6 Nh5 $146 {In the previous game black
prefered} (13... Nd4 {and got very pleasant position:} 14. Bxg7 Kxg7 15. Re1
Qc5 16. Bd1 Be6 17. Qe3 Rfd8 18. Ne2 Nxf3+ 19. Qxf3 Qb4 $15 {0-1 Gluckman,
D-Petrov,M/Linares 2002/CBM 087 ext (47)}) 14. Bxg7 Nexg7 15. Qh6 {After
changing dark-squared bishops, black's position is strategically very good...
But, sometimes, white can use the weaknesses of dark squares in black's camp.}
f6 {covering the g5 square.} 16. Bc4+ Ne6 $6 {Objectively, this move isn't the
best, but, it leads to more complicated game, than after 16...Be6, as there
are more pieces on the board.} ({Black could easily equalize after} 16... Be6
17. Bxe6+ Nxe6 18. Rfd1 $11) 17. Rad1 Nhg7 18. Rd3 Rd8 19. Rfd1 (19. Rxd8+ Qxd8
20. Rd1 Qe7 $14 {Of course, white's position is slightly better, thanks to
more active pieces, But, he hasn't any concrete plan to improve his position.})
19... Rxd3 20. Rxd3 Bd7 21. Nh4 {White's knight has nothing to do on h4.} (21.
Qh4 Rd8 $14 {/=} (21... Be8 $5 $14 {/=}) 22. Nxe5 $2 g5 $17) 21... Be8 22. Qd2
{Another move without any idea...} (22. Qe3 {is probably better with following
Ne2, covering the d4 and f4 squares.}) 22... Kh8 $1 {moving the king from an
unpleasant pin, thus, preparing to occupy the f4 square with the knight.} 23.
Nf3 ({Now white even doesn't equalize after} 23. Ne2 Nc5 24. Qb4 a5 25. Qa3 b5
26. axb5 cxb5 27. Bd5 b4 28. Qa1 Nxd3 29. Bxa8 Nxf2 {[%cal Ye7a7]} (29... Qa7
$15) 30. Qxa5 Nd1 $15) 23... Nf4 24. Rd6 (24. Re3 Rd8 $15) 24... Nd5 $1 {
winning an exchange for a pawn.} (24... Nge6 {[%cal Ye6d4]} 25. a5 Nd4 26. Rxd4
exd4 27. Qxd4 $13) 25. Rxd5 cxd5 26. Nxd5 {Objectively, this position is near
to equality, but black has more comfortable play.} Qd6 27. Qh6 Rd8 28. Nxf6 $4
{Tactical blunder. White overlooked the resource of Rd1+ and Qf4+...} ({
White should have prefered:} 28. b3 Bf7 29. Qe3 Bxd5 (29... b6 30. Nxb6) 30.
Bxd5 b6 $15) 28... Qxf6 29. Ng5 Rd1+ 30. Bf1 (30. Kh2 Qf4+ 31. g3 Qxf2#) 30...
Kg8 $19 {Black is a rook up without any compensation from the white's side.}
31. g3 (31. Qxh7+ {changes nothing:} Kf8 32. Qh6 (32. Qh8+ Ke7 33. Nh7 Qf7 34.
Ng5 Qf8 $19) 32... Ke7 33. Nh7 Qf7 34. Ng5 Qg8 $19) 31... Ne6 32. Qxh7+ Kf8 33.
Nxe6+ Qxe6 34. Kg2 (34. Qh8+ Ke7 $19) 34... Bc6 35. Bd3 Qf6 36. b4 g5 {
preparing Rd2.} ({Only not} 36... Rd2 $4 37. Qh6+ $18) 37. f3 Rd2+ 38. Kg1 Be8
{threatening with the check from b6.} (38... Bxe4 $1 {[%cal Yf6b6] wins
quicklier:} 39. Qxe4 Qb6+ 40. Kh1 Rd1+ $19) 39. a5 Bf7 40. h4 gxh4 (40... gxh4
41. Qxh4 (41. gxh4 Qf4 $18) 41... Qxh4 42. gxh4 Bh5 $19) 0-1

[Event "Montreal 4th"]
[Site "Montreal"]
[Date "2003.07.31"]
[Round "8"]
[White "Rozentalis, Eduardas"]
[Black "Lugovoi, Aleksei"]
[Result "1/2-1/2"]
[WhiteElo "2586"]
[BlackElo "2566"]
[Annotator "Erenburg,S"]
[PlyCount "80"]
[EventDate "2003.07.23"]
[EventType "tourn"]
[EventRounds "11"]
[EventCountry "CAN"]
[EventCategory "11"]
[SourceTitle "CBM 097"]
[Source "ChessBase"]
[SourceDate "2003.11.11"]
[SourceVersion "1"]
[SourceVersionDate "2003.11.11"]
[SourceQuality "1"]

1. e4 d6 2. d4 g6 3. Nf3 Bg7 4. Nc3 Bg4 $5 5. Be2 Nf6 6. O-O O-O 7. Be3 Nc6 8.
Nd2 {Another attempt to fight for an advantage is to get a pair of bishops
after} (8. h3 {1/2-1/2 Potkin,V-Fridman,D/Istanbul 2003/CBM96_01/[Erenburg] 
(26)}) (8. Ng5 $5) 8... Qc8 {Very rare continuation. Usually black continues} (
8... Bxe2 {1/2-1/2 Rozentalis,E-Lugovoi,A/Neum 2000/CBM 80/[Rozentalis] (51)})
9. f3 {Logical reaction. This move remains black light-squared bishop on the
board, which he wanted to change.} Bd7 10. Nb3 (10. Nc4 e6 $5 {[%cal Gd6d5]}) (
10. d5 {comes to consideration.}) 10... e5 $146 {The position before 10...e5
appeared only once before this game, according to my database. In that game
black tried to emphasize the deffect of white's knght location on b3:} (10...
a5 {1/2-1/2 Smyslov,V-Ehlvest,J/Moscow 1992/CBM 33/[Stohl] (65)}) {White could
choose another type of pawn structure:} 11. Qd2 (11. d5 Ne7 12. Qd2 {Here
white's plan is to develop the initiative on the queenside, generally, pushing
forward his "c" pawn. While, black's counterplay is connected with developing
initiative on the kingside with providing of f7-f5.}) 11... exd4 12. Nxd4 Nxd4
13. Bxd4 {White has got a space advantage, therefore, his position is better.
On the other hand, black's chances to equalize are quite high, as his position
is very solid without weaknesses.} Bc6 14. Nd1 {transfering the knight to e3,
and at the same time, getting the option of pushing forward his "c" pawn.} Qe6
{getting the queen into the game.} 15. Ne3 Nd7 {Black wants to change
dark-squared bishops, as he suffers from lack of space, so he is interested in
trades. This idea is typical for such type of positions. It would be even
stronger, if white already played c2-c4.} 16. Bc4 Qe7 17. c3 $1 Rfe8 {White
chooses to occupy the e1 square by the rook from "a" line, as it saves the
option of developing the initiative on the kingside with moving forward the
"f" pawn:} 18. Rae1 Nb6 19. Bb3 Bb5 20. Rf2 Bd7 21. Bc2 Bc6 22. f4 {increasing
the space advantage. White intends to develop the initiative, pushing forward
his "f" pawn, creating some threats against black monarch.} Bxd4 (22... Qh4 23.
Bxg7 Kxg7 24. f5 $14) (22... Bxe4 $4 23. Bxb6 axb6 24. Nd5 $18) 23. Qxd4 Nd7
24. Ng4 {[%cal Gg4h6]} (24. Nd5 Bxd5 25. Qxd5 c6 26. Qd4 $14 {/=}) 24... h5 $1
(24... Qh4 $6 25. Bd1 $1 {[%cal Gg2g3]} (25. Ne3 Qe7)) 25. Ne3 Qf6 {It seems
to me right decision to trade the queens, preventing the attack on the black
king, which could be possible, after black had to weaken his position with
h7-h5.} 26. Nc4 Qxd4 27. cxd4 Nf6 28. e5 (28. Nd2 $5) 28... Ng4 29. Rd2 b5 30.
Ne3 $6 ({Probably it was better to keep the knights in the game.} 30. Na5 Bd5
31. h3 Nh6 32. Bd3 a6 33. Rc2 $16) 30... Nxe3 31. Rxe3 Bd5 32. Bb3 Bxb3 33.
Rxb3 a6 34. Rc3 $6 {missing more attractive continuation:} (34. Rc2 $16 {
[%cal Gb3c3]}) 34... Rad8 $1 35. e6 (35. Rdc2 dxe5 36. dxe5 Rd4 37. g3 g5 $132
{and probably black will succeed to equalize.}) 35... c5 36. exf7+ ({Nothing
gives:} 36. dxc5 dxc5 37. Rxd8 Rxd8 38. Rxc5 fxe6 39. Rc6 Kf7 40. Rxa6 Rd1+ $11
) ({Comes to consideration:} 36. e7 $5 Rc8 (36... Rxe7 37. dxc5 Red7 38. Rcd3
$14) 37. dxc5 dxc5 38. Rd7 f6 39. f5 $5 $36) 36... Kxf7 37. b3 Rc8 38. dxc5
dxc5 39. Rdc2 Red8 40. Kf2 Rd5 1/2-1/2